[Event "Reykjavik op"]
[Site "Reykjavik"]
[Date "2019.04.13"]
[Round "6"]
[White "Pedersen, Soren Sandmann"]
[Black "Giacomini, Hector"]
[Result "0-1"]
[WhiteElo "1724"]
[BlackElo "2167"]
[PlyCount "64"]
[EventDate "2019.04.08"]
[EventType "swiss"]
[EventRounds "9"]
[EventCountry "ISL"]
[SourceTitle "CBM 189 Extra"]
[Source "ChessBase"]
[SourceDate "2019.06.03"]
[SourceVersion "1"]
[SourceVersionDate "2019.06.03"]
[SourceQuality "1"]

1. d4 Nf6 2. c4 e6 3. Nc3 Bb4 4. e3 0-0 5. Nge2 d5 6. a3 Be7 7. Ng3 c5 8. cxd5 exd5 9. Be2 Nc6 10. 0-0 Be6 11. Bf3 Rc8 12. Nge2 a6 13. dxc5 Bxc5 14. Nd4 Ne5 15. Be2 Qd6 16. f4 Nc6 17. Bf3 Ba7 18. Nce2 Rfe8 19. Bd2 Bg4 20. Nxc6 Rxc6 21. Nd4 Bxf3 22. Qxf3 Bxd4 23. exd4 Ne4 24. Bb4 Qf6 25. Rfd1 Rc4 26. Rac1 Rxc1 27. Rxc1 Qxd4+ 28. Kf1 Qxb2 29. Rd1 d4 30. f5 a5 31. Re1 axb4 32. Rxe4 Qb1+ 0-1

[Event "Reykjavik op"]
[Site "Reykjavik"]
[Date "2018.03.13"]
[Round "8"]
[White "Pedersen, Soren Sandmann"]
[Black "Heidarsson, Arnar Milutin"]
[Result "1/2-1/2"]
[WhiteElo "1794"]
[BlackElo "1557"]
[PlyCount "99"]
[EventDate "2018.03.06"]
[EventType "swiss"]
[EventRounds "9"]
[EventCountry "ISL"]
[SourceTitle "CBM 183 Extra"]
[Source "ChessBase"]
[SourceDate "2018.04.19"]
[SourceVersion "1"]
[SourceVersionDate "2018.04.19"]
[SourceQuality "1"]

1. d4 d5 2. c4 e6 3. Nc3 Nf6 4. cxd5 exd5 5. Bg5 Be7 6. e3 c6 7. Bd3 0-0 8. Qc2 g6 9. Nge2 Nh5 10. Bxe7 Qxe7 11. 0-0-0 Nd7 12. g4 Ng7 13. Ng3 Nb6 14. h3 f5 15. Rde1 Bd7 16. h4 fxg4 17. h5 Bf5 18. hxg6 hxg6 19. Rh2 Qg5 20. Reh1 Rae8 21. Kb1 Nc4 22. Bxf5 gxf5 23. Nce2 Nd6 24. Nf4 Ne4 25. Ngh5 Nf6 26. Nxg7 Kxg7 27. Rh6 Qxh6 28. Rxh6 Kxh6 29. Qxf5 Kg7 30. Ne6+ Rxe6 31. Qxe6 Re8 32. Qf5 Re7 33. Qg5+ Kf7 34. Qf5 Kg7 35. Kc2 a6 36. Qg5+ Kf7 37. Qf5 Kg7 38. Kd3 Kf7 39. a3 Rc7 40. Qe5 Re7 41. Qf5 Kg7 42. Kc3 Rd7 43. Kb4 Kf7 44. Kc5 Re7 45. Kd6 Re8 46. b4 Re7 47. a4 Re8 48. Kc5 Re7 49. Qf4 Re6 50. Qf5 1/2-1/2

[Event "Reykjavik op"]
[Site "Reykjavik"]
[Date "2017.04.27"]
[Round "10"]
[White "Mai, Aron Thor"]
[Black "Pedersen, Soren Sandmann"]
[Result "1/2-1/2"]
[WhiteElo "1956"]
[BlackElo "1794"]
[PlyCount "132"]
[EventDate "2017.04.19"]
[EventType "swiss"]
[EventRounds "10"]
[EventCountry "ISL"]
[SourceTitle "CBM 178 Extra"]
[Source "ChessBase"]
[SourceDate "2017.06.22"]
[SourceVersion "1"]
[SourceVersionDate "2017.06.22"]
[SourceQuality "1"]

1. e4 c6 2. d4 d5 3. Nc3 dxe4 4. Nxe4 Bf5 5. Ng3 Bg6 6. h4 h6 7. Nf3 Nd7 8. h5 Bh7 9. Bd3 Bxd3 10. Qxd3 e6 11. Bd2 Ngf6 12. 0-0-0 Be7 13. Kb1 0-0 14. Ne4 Nxe4 15. Qxe4 Nf6 16. Qe2 Qd5 17. Be3 b5 18. Nd2 Ne4 19. Bxh6 Nxf2 20. Qxf2 gxh6 21. Nf3 Bg5 22. Rhe1 f6 23. Nh4 Bxh4 24. Qxh4 Rae8 25. Rd3 Kf7 26. Rg3 Rg8 27. Rf3 Rg5 28. Qf2 f5 29. Re5 Qd7 30. a3 Reg8 31. g3 Rxh5 32. Rc5 Rhg5 33. Rfc3 Rc8 34. Qh2 h5 35. Qh4 Kg6 36. Qh1 Qxd4 37. Rxc6 Rxc6 38. Qxc6 Qd1+ 39. Ka2 Qd5+ 40. Qxd5 exd5 41. Kb3 a5 42. a4 b4 43. Rd3 Kf6 44. c3 bxc3 45. Kxc3 Ke5 46. Re3+ Kd6 47. Rf3 Kc5 48. Kd3 Rg4 49. Kc3 Rxa4 50. Rxf5 Rg4 51. Rxh5 Rxg3+ 52. Kd2 Kc4 53. Rh2 a4 54. Rh4+ Kb3 55. Rd4 Rg5 56. Kc1 Rg1+ 57. Kd2 Rg2+ 58. Kc1 Rc2+ 59. Kd1 Rc5 60. Kd2 Rc2+ 61. Kd1 Rxb2 62. Rxd5 a3 63. Kc1 Rc2+ 64. Kd1 Rc4 65. Rb5+ Rb4 66. Rxb4+ Kxb4 1/2-1/2

[Event "Reykjavik op"]
[Site "Reykjavik"]
[Date "2017.04.25"]
[Round "8"]
[White "Bergsson, Stefan"]
[Black "Pedersen, Soren Sandmann"]
[Result "1-0"]
[WhiteElo "2031"]
[BlackElo "1794"]
[PlyCount "67"]
[EventDate "2017.04.19"]
[EventType "swiss"]
[EventRounds "10"]
[EventCountry "ISL"]
[SourceTitle "CBM 178 Extra"]
[Source "ChessBase"]
[SourceDate "2017.06.22"]
[SourceVersion "1"]
[SourceVersionDate "2017.06.22"]
[SourceQuality "1"]

1. c4 c6 2. Nf3 Nf6 3. Nc3 d5 4. e3 Bf5 5. cxd5 cxd5 6. Qb3 Bc8 7. Bb5+ Nc6 8. Ne5 Bd7 9. Nxd7 Qxd7 10. d4 e6 11. Bd2 Bd6 12. 0-0 0-0 13. Rfc1 Rfc8 14. Na4 Qd8 15. Be1 Na5 16. Qd1 a6 17. Bd3 Nd7 18. b4 Nc4 19. Qb3 b5 20. Nc5 Ndb6 21. e4 dxe4 22. Bxe4 Nd5 23. Qh3 Bxc5 24. Qxh7+ Kf8 25. bxc5 Qf6 26. c6 a5 27. a4 Ke7 28. Bxd5 exd5 29. axb5 Qxd4 30. Bc3 Qc5 31. Qxg7 Qxb5 32. Qf6+ Kf8 33. Re1 Qxc6 34. Qh8# 1-0